[Event "Tokyo op"]
[Site "Tokyo"]
[Date "2022.11.03"]
[Round "2"]
[White "Yamada, Kohei"]
[Black "Kanda, Daigo"]
[Result "1-0"]
[WhiteElo "2172"]
[BlackElo "1827"]
[PlyCount "83"]
[EventDate "2022.11.03"]
[EventType "swiss"]
[EventRounds "7"]
[EventCountry "JPN"]
[SourceTitle "EXT 2024"]
[Source "ChessBase"]
[SourceDate "2023.10.10"]
[SourceVersion "1"]
[SourceVersionDate "2023.10.10"]
[SourceQuality "1"]

1. e4 e6 2. d4 d5 3. Nd2 dxe4 4. Nxe4 Nd7 5. g3 Ngf6 6. Nxf6+ Nxf6 7. Bg2 c5 8. Nf3 cxd4 9. Qxd4 Qxd4 10. Nxd4 Bb4+ 11. c3 Ba5 12. 0-0 0-0 13. Rd1 e5 14. Nf3 Bg4 15. Re1 e4 16. Ng5 Bf5 17. Be3 h6 18. Nh3 Rad8 19. Nf4 Rd7 20. Rad1 Rfd8 21. Rxd7 Rxd7 22. Ne2 a6 23. h3 Bg6 24. Bd4 Nd5 25. Rd1 Ne7 26. Rd2 Bb6 27. Be3 Rxd2 28. Bxd2 f5 29. Nf4 Bf7 30. b3 g5 31. Ne2 Bd5 32. h4 gxh4 33. gxh4 Kg7 34. c4 Bf7 35. Bc3+ Kh7 36. Bd4 Bxd4 37. Nxd4 Kg6 38. Bh3 Kh5 39. Nxf5 Nc6 40. Kg2 Ne5 41. Kg3 Be6 42. Ng7+ 1-0

[Event "JPN-ch"]
[Site "Tokyo"]
[Date "2022.08.20"]
[Round "2"]
[White "Ishii, Ichiro"]
[Black "Kanda, Daigo"]
[Result "1/2-1/2"]
[WhiteElo "1772"]
[BlackElo "1815"]
[PlyCount "70"]
[EventDate "2022.08.20"]
[EventType "swiss"]
[EventRounds "6"]
[EventCountry "JPN"]
[SourceTitle "CBM 210 Extra"]
[Source "ChessBase"]
[SourceDate "2022.11.30"]
[SourceVersion "1"]
[SourceVersionDate "2022.11.30"]
[SourceQuality "1"]

1. d4 Nf6 2. Bg5 Ne4 3. Bf4 c5 4. f3 Qa5+ 5. c3 Nf6 6. e4 cxd4 7. Qxd4 Nc6 8. Qe3 e6 9. b4 Qd8 10. Nd2 a6 11. Bd3 Be7 12. Ne2 Nh5 13. Bg3 Nxg3 14. Nxg3 Bf6 15. Rc1 Ne5 16. Be2 d6 17. 0-0 h5 18. Nc4 h4 19. Nh1 0-0 20. Nf2 Qc7 21. Nb6 Rb8 22. Rfd1 Nd7 23. Nc4 Be7 24. f4 b5 25. Na5 Nb6 26. a3 d5 27. Bf3 Nc4 28. Nxc4 dxc4 29. e5 Bb7 30. Ne4 Bxe4 31. Bxe4 a5 32. Bc2 axb4 33. axb4 g6 34. Rd4 Rfd8 35. Rcd1 Kg7 1/2-1/2

[Event "Tokyo City-ch"]
[Site "Tokyo"]
[Date "2019.03.24"]
[Round "4"]
[White "Matsuo, Tomohiko"]
[Black "Kanda, Daigo"]
[Result "1-0"]
[WhiteElo "2234"]
[BlackElo "1828"]
[PlyCount "63"]
[EventDate "2019.03.23"]
[EventType "swiss"]
[EventRounds "6"]
[EventCountry "JPN"]
[SourceTitle "CBM 190 Extra"]
[Source "ChessBase"]
[SourceDate "2019.07.15"]
[SourceVersion "1"]
[SourceVersionDate "2019.07.15"]
[SourceQuality "1"]

1. e4 c5 2. Nf3 Nc6 3. d4 cxd4 4. Nxd4 g6 5. c4 Bg7 6. Be3 Nf6 7. Nc3 0-0 8. f3 d6 9. Qd2 Bd7 10. Be2 Nxd4 11. Bxd4 Bc6 12. 0-0 Nd7 13. Bxg7 Kxg7 14. f4 Qb6+ 15. Kh1 f5 16. exf5 gxf5 17. Bf3 Rf6 18. Rae1 e5 19. Nd5 Bxd5 20. fxe5 Nxe5 21. Bxd5 Raf8 22. Re3 Qc7 23. Rg3+ Rg6 24. Rg5 Qc8 25. Qf4 Rxg5 26. Qxg5+ Ng6 27. h3 f4 28. Qh5 b6 29. b3 Rf5 30. Qg4 h5 31. Qd1 Re5 32. Bf3 1-0

[Event "JPN-ch"]
[Site "Tokyo"]
[Date "2018.05.01"]
[Round "6"]
[White "Matsuyama, Koya"]
[Black "Kanda, Daigo"]
[Result "0-1"]
[WhiteElo "1502"]
[BlackElo "1859"]
[PlyCount "120"]
[EventDate "2018.04.29"]
[EventType "swiss"]
[EventRounds "11"]
[EventCountry "JPN"]
[SourceTitle "CBM 184 Extra"]
[Source "ChessBase"]
[SourceDate "2018.06.28"]
[SourceVersion "1"]
[SourceVersionDate "2018.06.28"]
[SourceQuality "1"]

1. e4 d5 2. exd5 Nf6 3. Nc3 Bg4 4. f3 Bf5 5. Bc4 a6 6. Nge2 c6 7. dxc6 Nxc6 8. d4 e6 9. Bf4 Nb4 10. Bb3 Nbd5 11. Nxd5 Nxd5 12. Bxd5 Qxd5 13. 0-0 Be7 14. b3 b5 15. c3 0-0 16. Qd2 Rac8 17. Rac1 Rfd8 18. Rfe1 Bf6 19. Ng3 Bg6 20. Ne4 Bh4 21. Bg3 Be7 22. Bf2 h6 23. Qe2 Ba3 24. Rc2 a5 25. c4 bxc4 26. bxc4 Qc6 27. c5 Rb8 28. Qe3 Qa4 29. Qd3 Rb2 30. Rxb2 Bxb2 31. Rd1 Qxa2 32. c6 Qa4 33. c7 Rc8 34. Bg3 Ba3 35. d5 exd5 36. Qxd5 Be7 37. Re1 Qb4 38. Qd7 Bf5 39. Qxf5 Rxc7 40. Qd5 Rc2 41. Qe5 Bf8 42. Ra1 a4 43. Be1 Qb6+ 44. Kh1 a3 45. Qd5 Qb2 46. Rd1 a2 47. Bf2 a1Q 48. Rxa1 Qxa1+ 49. Bg1 Rc1 50. h3 Rxg1+ 51. Kh2 Rd1 52. Qf5 Qd4 53. Qg4 Bd6+ 54. f4 Qg1+ 55. Kg3 Rd3+ 56. Kh4 Qe1+ 57. Ng3 Be7+ 58. Kh5 g6+ 59. Kxh6 Bf8+ 60. Kg5 Rxg3 0-1

[Event "JPN-ch"]
[Site "Tokyo"]
[Date "2018.04.29"]
[Round "2"]
[White "Kanda, Daigo"]
[Black "Kimura, Ryota"]
[Result "0-1"]
[WhiteElo "1859"]
[BlackElo "1677"]
[PlyCount "66"]
[EventDate "2018.04.29"]
[EventType "swiss"]
[EventRounds "11"]
[EventCountry "JPN"]
[SourceTitle "CBM 184 Extra"]
[Source "ChessBase"]
[SourceDate "2018.06.28"]
[SourceVersion "1"]
[SourceVersionDate "2018.06.28"]
[SourceQuality "1"]

1. d4 d5 2. c4 e6 3. Nc3 Be7 4. Nf3 Nf6 5. Bf4 0-0 6. e3 c5 7. dxc5 Nc6 8. Qc2 Bxc5 9. Rd1 Qa5 10. Nd2 d4 11. Nb3 Qb6 12. Nxd4 Nxd4 13. exd4 Bxd4 14. a3 e5 15. Bg3 Be6 16. Bd3 Rac8 17. b3 Qa5 18. Rc1 Qxa3 19. 0-0 a6 20. Ne4 Nxe4 21. Bxe4 h6 22. Bxb7 Rb8 23. Qe4 Qxb3 24. Bxa6 f5 25. Qe2 f4 26. Bh4 f3 27. Qe4 fxg2 28. Rfd1 Qb6 29. Be7 Bxf2+ 30. Kxg2 Rf4 31. c5 Qxa6 32. Qxe5 Qc6+ 33. Kf1 Bh3+ 0-1